| 000 | 00000nam 2200000zi 4500 |
| 001 | 9.867920 |
| 003 | CaOODSP |
| 005 | 20221107162436 |
| 006 | m o d f |
| 007 | cr ||||||||||| |
| 008 | 190201s1960 onc ot f|0| 0 eng d |
| 040 | |aCaOODSP|beng|erda|cCaOODSP |
| 041 | |aeng|bfre |
| 043 | |an-cn--- |
| 086 | 1 |aM38-1/62-1960E-PDF |
| 100 | 1 |aSandor, J. E., |eauthor. |
| 245 | 10|aSurface exchange reactions of silver and its ions / |cby J. E. Sandor. |
| 264 | 1|aOttawa, Ontario : |bDepartment of Mines and Technical Surveys, |c1960. |
| 300 | |a1 online resource (iii, 22 pages) |
| 336 | |atext|btxt|2rdacontent |
| 337 | |acomputer|bc|2rdamedia |
| 338 | |aonline resource|bcr|2rdacarrier |
| 490 | 1 |aMines Branch Research Report ; |vR 62 |
| 500 | |aTitle from cover. |
| 500 | |a"April 19, 1960." |
| 504 | |aIncludes bibliographic references. |
| 520 | |a"The exchange reactions between silver and its ions in solution have been investigated by the use of radioactive tracers. Silver of highest purity was cleaned carefully and immersed into a radioactive silver nitrate solution. The course of the early adsorption process and subsequent diffusion of the ions into the interior of the metal was followed in detail, and the diffusion coefficient at room temperature was calculated. The penetration depth was determined by controlled electro-polishing of the metal, and the reverse movement of active ions from the metal into inactive solutions was also observed"--Synopsis, p. i. |
| 546 | |aIncludes abstract in French. |
| 692 | 07|2gccst|aMetals |
| 692 | 07|2gccst|aChemicals |
| 710 | 1 |aCanada. |bDepartment of Mines and Technical Surveys. |
| 710 | 1 |aCanada. |bMines Branch. |
| 830 | #0|aResearch report (Canada. Mines Branch)|vR 62.|w(CaOODSP)9.855660 |
| 856 | 40|qPDF|s1.13 MB|uhttps://publications.gc.ca/collections/collection_2019/rncan-nrcan/m38-1/M38-1-62-1960-eng.pdf |